000 00739nam a22002532a 4500
999 _c4560
_d4560
001 4560
003 BD-JhCC
005 20180305132144.0
008 860101s1966 enk b 000 0 eng d
035 _a(BD-JhCC)4560
040 _aCLU
_cCLU
_dUKM
_dEQO
_dBD-JhCC
041 _aeng
082 _a128.24
_a428.24
_218
_bLEE 1966
090 _aPE1128
_b.L516e
100 1 _aLee, William Rowland.
245 1 0 _aEnglish At Home /
_c William Rowland Lee
260 _aOxford University Press :
_bLondon,
_c1966.
300 _axiv, 305, xvii-xxix p
_c18 cm.
504 _aBibliography: p. 273
650 0 _aEnglish language
_vTextbooks for foreign speakers
650 0 _aEnglish language
_vSelf-instruction
942 _2ddc
_cBK